00678nam a22002291 450000100060000000300080000600500170001400800390003103500190007004000320008904100080012108200200012910000290014924500480017825000120022626000300023830000430026849000340031150400200034560000480036570000350041319428BD-RjUL20211209000430.0140224s1951 nyuc b 001 0beng a(BD-RjUL)19488 aDLCcICUdDLCdBD-RjULbeng aeng00a927.8bEWS 19511 aEwen, David,d1907-1985.14aThe story of Arturo Toscanini /cDavid Ewen a1st ed. aNew York :bHolt,cc1951. axviii, 142 p. :bill., port. ;c22 cm.0 aHolt musical biography series aIncludes index.10aToscanini, Arturo,d1867-1957xDiscography.1 aToscanini, Arturo,d1867-1957.